000 00436nam a2200145Ia 4500
008 240729s9999 xx 000 0 und d
022 _a2815-3715
245 0 _aJournal of the Bulgarian Orthopaedics and Trauma Association
260 _aBulgaria
260 _bBulgarian Orthopaedics and Trauma Association
650 _aMedicine
856 _uhttps://doaj.org/toc/2e863b6eb9fd45469127cd22b3105115
942 _2ddc
942 _cDOAJEJ
999 _c72282
_d72282
945 _a1
_bMadushi Gamage
_c1
_dMadushi Gamage